स्वामी विवेकानन्द/ (Record no. 214652)

MARC details
000 -LEADER
fixed length control field 00957nam a22002057a 4500
005 - DATE AND TIME OF LATEST TRANSACTION
control field 20260130123121.0
010 ## - LCCN (DPL NO)
LC control number HIN-131009
020 ## - INTERNATIONAL STANDARD BOOK NUMBER
International Standard Book Number 9789355438263
Terms of availability 199.00
035 ## - SYSTEM CONTROL NUMBER
System control number HN-103355
037 ## - SOURCE OF ACQUISITION
Source of stock number/acquisition DBAD
082 ## - DEWEY DECIMAL CLASSIFICATION NUMBER
Classification number 181.499
Item number 1
100 ## - MAIN ENTRY--PERSONAL NAME
Personal name प्रणय
245 ## - TITLE STATEMENT
Title स्वामी विवेकानन्द/
Statement of responsibility, etc प्रणय ; मदन सोनी द्वारा अनुवादित
Remainder of title नेतृत्व और सफलता के लिए अध्यात्म
250 ## - EDITION STATEMENT
Edition statement प्रथम
260 ## - PUBLICATION, DISTRIBUTION, ETC. (IMPRINT)
Place of publication, distribution, etc भोपाल
Name of publisher, distributor, etc मंजुल पब्लिशिंग हाउस
Date of publication, distribution, etc 2024
270 ## - ADDRESS
Address उषा प्रीत काम्प्लेक्स, 42 मालवीय नगर
City भोपाल
Postal code 462003
300 ## - PHYSICAL DESCRIPTION
Extent 140 पृ.
Dimensions 20 सेमी (अजिल्द)
700 ## - ADDED ENTRY--PERSONAL NAME
9 (RLIN) 87066
Personal name मदन सोनी
942 ## - ADDED ENTRY ELEMENTS (KOHA)
Source of classification or shelving scheme Dewey Decimal Classification
Item type Hindi Books
Edition 2024
Classification part 181.499
Call number suffix प्रणय
Holdings
Withdrawn status Lost status Not for loan Collection code Home library Current library Date acquired Source of acquisition Cost, normal purchase price Full call number Barcode Copy number Cost, replacement price Koha item type
    Not For Loan Non-fiction D.B.Act.Division D.B.Act.Division 30/01/2026 DBAD 199.00 181.499 प्रणय HN-103355 1 199.00 Hindi Books

© Delhi Public Library
Hit Counter
free hit counter